1880 1482 1053 1083 1039 1177 1641 1646 1535 1095 1549 1170 1408 1911 1957 1275 1908 1802 1140 1466 1587 1662 1688 1005 1403 1831 1275 1419 1796 1726 1428 1589 1758 1297 1275 1079 1407 1089 1048 1317 1195 1403 1148 1152 1152 1697 1879 1916 1676 1536 1976 1813 1356 1477 1996 1856 1942 1661 1082 1034 1691 1814 1015 1206 1942 1642 1357 1299 1356 1117 1571 1543 1233 1601 1016 1550 1366 1277 1093 1072 1225 1952 1168 1296 1027 1876 1388 1110 1622 1937 1347 1346 1851 1094 1106 1978 1882 1915 1181 BCNSPRNW ULIB Ver.6.0+V

เปลี่ยนเป็นภาษาไทย

Change to English
 แสดงรายละเอียดบรรณานุกรม
  กลับหน้าหลัก

Brief Record : Get Marc (ISO 2709) : E-mail record : QR code < ปิดหน้าต่าง
LEADER : 00000nam 2200000uu 4500
001    13399108474
003     ULIB
008    110304s2549||||th 000 0 tha d
020    9749507797
060 04 QV55^bP464ย 2549
245 00 ยา =^bThe pill book /^ceditor-in-chief, Harold M.Silverman ; พิสิฐ วงศ์วัฒนะ, แปล
246 31 The pill book
250    พิมพ์ครั้งที่ 5
260    กรุงเทพฯ :^bหมอชาวบ้าน,^c2549
300    16, 1383 หน้า ;^c22 ซม.
591    LIRA มีปี 2549
650  7 ยา^vคู่มือ
650  7 การใช้ยา^vคู่มือ
700 0  พิสิฐ วงศ์วัฒนะ,^eผู้แปล
700 1  Silverman, Harold M.,^eed
945    ^p950^l0^i023796
945    ^p950^l0^i023797
995    ทศพร
999 ^a ใช้งานได้ทุกระบบ
รายการนี้ยังไม่มีแท็ก
คุณยังไม่ได้ล็อกอิน คุณสามารถมีกิจกรรมร่วมกับเว็บไซต์ได้ แต่ต้องล็อกอินก่อน ::
  ล็อกอิน

รายการสื่อสารสนเทศ

ลำดับที่ ประเภท เลขเรียก/บาร์โค้ด สถานที่ สถานะ
- ไม่พบข้อมูล -

BibComment


ยังไม่เคยถูกคอมเมนท์

คอมเมนท์ทรัพยากรรายการนี้
  คอมเมนท์: ยา The pill book..


 Copyright 2026. Bcnsprnw @Library